Piłkarze Bayern'u Monachium - Statystyki

Ogólne statystyki
  • Ten quiz został rozwiązany 173 razy
    9 od ostatniego zresetowania
  • Średni wynik to 17 z 27
Statystyki odpowiedzi
Piłkarz Narodowość Pozycja % Poprawnych
Alphonso Davies Kanada Obrońca
100%
Harry Kane Anglia Napastnik
100%
Manuel Neuer Niemcy Bramkarz
100%
Min-Jae Kim Korea Południowa Obrońca
100%
Dayot Upamecano Francja Obrońca
88%
Joshua Kimmich Niemcy Pomocnik
88%
Luis Díaz Kolumbia Napastnik
88%
Jonathan Tah Niemcy Obrońca
75%
Josip Stanisic Chorwacja Obrońca
75%
Leon Goretzka Niemcy Pomocnik
75%
Michael Olise Francja Napastnik
75%
Serge Gnabry Niemcy Napastnik
75%
Sven Ulreich Niemcy Bramkarz
75%
Hiroki Ito Japonia Obrońca
63%
Jamal Musiala Niemcy Pomocnik
63%
Jonas Urbig Niemcy Bramkarz
63%
Konrad Laimer Austria Obrońca
63%
Lennart Karl Niemcy Pomocnik
63%
Nicolas Jackson Senegal Napastnik
63%
Aleksandar Pavlovic Niemcy Pomocnik
50%
Raphaël Guerreiro Portugalia Obrońca
50%
Tom Bischof Niemcy Pomocnik
50%
Sacha Boey Francja Obrońca
38%
David Santos Daiber Portugalia Pomocnik
25%
Bara Sapoko Ndiaye Senegal Pomocnik
0%
Leon Klanac Niemcy Bramkarz
0%
Wisdom Mike Niemcy Napastnik
0%
Nie znaleziono quizów pasujących do podanych kryteriów
Rozkład punktacji
Procent ludzi z każdym wynikiem
Percentyl według liczby udzielonych odpowiedzi
Twoja historia wyników
Nie rozwiązałeś tego quizu od ostatniego zresetowania